Logo BPK

Biblioteka

Politechniki Koszalińskiej

INTERsoft creative software (Rekord nr 41246)

Szczegóły MARC
000 -ETYKIETA REKORDU
podpole kontrolne o stałej długości 01927nmm a2200457 i 4500
001 - NUMER KONTROLNY REKORDU
pole kontrolne 41246
003 - IDENTYFIKATOR NUMERU KONTROLNEGO REKORDU
podpole kontrolne KOSZ 005
005 - DATA OSTATNIEJ MODYFIKACJI REKORDU
podpole kontrolne 20211206104859.0
006 - DANE KONTROLNE - DODATKOWA CHARAKTERYSTYKA DOKUMENTU
podpole kontrolne o stałej długości m q b
007 - DANE KONTROLNE - FORMA FIZYCZNA DOKUMENTU
podpole kontrolne o stałej długości co cgunnnuuuuu
008 - POLE O STAŁEJ DŁUGOŚCI - DANE KONTROLNE
podpole kontrolne o stałej długości 101010s2009 pl f b pol d
040 ## - ŹRÓDŁO KATALOGOWANIA
Instytucja, która utworzyła rekord KOSZ 005
Instytucja, która sporządziła opis KOSZ 005
Instytucja, która dokonała modyfikacji KOSZ 005/HR
041 0# - KOD JĘZYKA
Kod języka tekstu pol
044 ## - KOD KRAJU WYDAWCY/PRODUCENTA
Kod kraju wydawcy/producenta POL
046 ## - DATY KODOWANE
Pojedyncza data lub początek okresu powstania dzieła lub zbioru dzieł 2009
080 ## - UNIWERSALNA KLASYFIKACJA DZIESIĘTNA - UKD
UKD 004.42
080 ## - UNIWERSALNA KLASYFIKACJA DZIESIĘTNA - UKD
UKD 004.92
080 ## - UNIWERSALNA KLASYFIKACJA DZIESIĘTNA - UKD
UKD 624
080 ## - UNIWERSALNA KLASYFIKACJA DZIESIĘTNA - UKD
UKD 69
080 ## - UNIWERSALNA KLASYFIKACJA DZIESIĘTNA - UKD
UKD 72
080 ## - UNIWERSALNA KLASYFIKACJA DZIESIĘTNA - UKD
UKD (0.034.2)
245 00 - TYTUŁ/ODPOWIEDZIALNOŚĆ
Tytuł INTERsoft creative software
Typ dokumentu [Dokument elektroniczny].
246 14 - WARIANT TYTUŁU
Tytuł ArCADia
250 ## - STREFA WYDANIA
Oznaczenie wydania Wrzesień 2009.
260 ## - STREFA ADRESU WYDAWNICZEGO
Miejsce wydania Łódź :
Nazwa wydawcy/dystrybutora INTERsoft,
Data publikacji, dystrybucji/powstania dokumentu 2009.
300 ## - STREFA OPISU FIZYCZNEGO
Objętość 1 dysk optyczny (DVD) ;
Rozmiary 12 cm.
500 ## - UWAGI OGÓLNE
Tekst uwagi Tyt. z etykiety na dysku.
500 ## - UWAGI OGÓLNE
Tekst uwagi W pojemniku 14 x 19 cm.
500 ## - UWAGI OGÓLNE
Tekst uwagi Na okł.: ArCADia Soft.
500 ## - UWAGI OGÓLNE
Tekst uwagi Zawiera: Allplan 2009; ArCadia-Architektura 3.7 dla programu Auto-CAD, IntelliCAD (Basic, Elementy budynku, Eksport/Import, Narzędzia); ArCADia-IntelliCAD 1009 PL; ArCADia-Sieci elektryczne 1.0 dla programu AutoCAD, IntelliCAD; ArCADia-Kanalizacja zewnętrzna 1.0 dla programu AutoCAD, IntelliCAD; ArCADia-TERMO 1.6; ArCADia-TERMO PRO 1.6; ArCon 6; Ceninwest 2.0; duoCAD 3.1; InstalCAD 2.1; INTERdrewno 2D/3D 1.2; INTERsoft-Przedmiar 1.0; INTERstal 2D/3D 1.3; I.T.I. 3.1; Konstruktor 5.3; NetMan 2.0; PlaTo 4.0; R2D2-Rama 2D 7.0; R3D3-Rama 3D 7.0; Sieci elektryczne 1.0; StalCAD 1.0; TERMO 1.6; ŻelbetCAD 1.0.
650 #4 - HASŁO PRZEDMIOTOWE W FORMIE NAZWY OGÓLNEJ LUB JEDNOSTKOWEJ
Nazwa ogólna lub geograficzna Projektowanie architektoniczne
650 #4 - HASŁO PRZEDMIOTOWE W FORMIE NAZWY OGÓLNEJ LUB JEDNOSTKOWEJ
Nazwa ogólna lub geograficzna Budownictwo
650 #4 - HASŁO PRZEDMIOTOWE W FORMIE NAZWY OGÓLNEJ LUB JEDNOSTKOWEJ
Nazwa ogólna lub geograficzna Instalacje
650 #4 - HASŁO PRZEDMIOTOWE W FORMIE NAZWY OGÓLNEJ LUB JEDNOSTKOWEJ
Nazwa ogólna lub geograficzna Programy komputerowe
650 #4 - HASŁO PRZEDMIOTOWE W FORMIE NAZWY OGÓLNEJ LUB JEDNOSTKOWEJ
Nazwa ogólna lub geograficzna Konstrukcje budowlane
650 #4 - HASŁO PRZEDMIOTOWE W FORMIE NAZWY OGÓLNEJ LUB JEDNOSTKOWEJ
Nazwa ogólna lub geograficzna Projektowanie wspomagane komputerowo
655 #4 - TERMIN INDEKSOWY - OKREŚLENIE RODZAJU/FORMY DOKUMENTU
Określenie rodzaju/formy dokumentu Dokumenty elektroniczne
658 ## - TERMIN INDEKSOWY - PRZEDMIOT PROGRAMU NAUCZANIA
Główny przedmiot programu nauczania Architektura i budownictwo
856 ## - LOKALIZACJA I DOSTĘP DO ELEKTRONICZNYCH DOKUMENTÓW ZDALNYCH
Link (URL) http://koha.tu.koszalin.pl/cgi-bin/koha/opac-detail.pl?biblionumber=41246
Tekst linku Katalog online BPK
942 ## - DODATKOWE ELEMENTY (KOHA)
Typ dokumentu Płyta DVD
Schemat klasyfikacji Uniwersalna Klasyfikacja Dziesiętna
Egzemplarze
Wycofany Status Uszkodzony Dostępność Lokalizacja stała Lokalizacja bieżąca Miejsce przechowywania Cena Sygnatura Kod kreskowy Dział Typ dokumentu
      Tylko na miejscu Biblioteka Politechniki Koszalińskiej Biblioteka Politechniki Koszalińskiej Czytelnia BG 10.00 DD 1676 02200316 0/9(0.034.2) Dokumenty elektroniczne Płyta DVD
      Tylko na miejscu Czytelnia Wydziału Elektroniki i Informatyki, Wydziału Architektury i Wzornictwa, Wydziału Inżynierii Mechanicznej i Energetyki oraz Wydziału Inżynierii Lądowej, Środowiska i Geodezji Czytelnia Wydziału Elektroniki i Informatyki, Wydziału Architektury i Wzornictwa, Wydziału Inżynierii Mechanicznej i Energetyki oraz Wydziału Inżynierii Lądowej, Środowiska i Geodezji Czytelnia Wydziałowa ul. Śniadeckich 2 10.00 DD 1677 02200309 004.42 Programy komputerowe (gablota) Płyta DVD
© 2023 Biblioteka Politechniki Koszalińskiej :: KOHA